Central Library OPAC University of Rajshahi

Administrative organization / (Record no. 21971)

MARC details
000 -LEADER
fixed length control field 00862cam a2200253 a 4500
001 - CONTROL NUMBER
control field 21971
003 - CONTROL NUMBER IDENTIFIER
rucl marc code BD-RjUL
005 - DATE AND TIME OF LATEST TRANSACTION
control field 20211209000742.0
008 - FIXED-LENGTH DATA ELEMENTS--GENERAL INFORMATION
fixed length control field 920227s1961 njua b 000 0 eng d
035 ## - SYSTEM CONTROL NUMBER
System control number (BD-RjUL)22036
040 ## - CATALOGING SOURCE
Original cataloging agency ANL
Language of cataloging eng
Transcribing agency ANL
Modifying agency BD-RjUL
041 ## - LANGUAGE CODE
Language code of text/sound track or separate title eng
082 04 - DEWEY DECIMAL CLASSIFICATION NUMBER
Classification number 658
Edition number 23
Author mark and year PFA 1965
100 1# - MAIN ENTRY--PERSONAL NAME
Personal name Pfiffner, John M.
Fuller form of name (John McDonald),
Dates associated with a name 1893-
9 (RLIN) 222758
245 10 - TITLE STATEMENT
Title Administrative organization /
Statement of responsibility, etc. John M. Pfiffner, Frank P. Sherwood.
260 ## - PUBLICATION, DISTRIBUTION, ETC. (IMPRINT)
Place of publication, distribution, etc. Englewood Cliffs, N.J. :
Name of publisher, distributor, etc. Prentice-Hall,
Date of publication, distribution, etc. c1960 [Printing 1965]
300 ## - PHYSICAL DESCRIPTION
Pagination xiii, 481 p. :
Illustrations Ill. ;
Size 22 cm.
490 ## - SERIES STATEMENT
Series statement Prentice Hall international series in management
650 #0 - SUBJECT ADDED ENTRY--TOPICAL TERM
Topical term or geographic name as entry element Organization.
9 (RLIN) 222759
700 1# - ADDED ENTRY--PERSONAL NAME
Personal name Sherwood, Frank P. , jt. auth.
830 ## - SERIES ADDED ENTRY--UNIFORM TITLE
Uniform title Prentice Hall international series in management
942 ## - ADDED ENTRY ELEMENTS (KOHA)
Source of classification or shelving scheme Dewey Decimal Classification
Koha item type Books
Holdings
Lost status Source of classification or shelving scheme Damaged status Not for loan Collection code Permanent Location Current Location Shelving location Date acquired Total Checkouts Full call number Date last seen Copy number Koha item type Source of acquisition Cost, normal purchase price
  Dewey Decimal Classification   Not For Loan Non-fiction Central Library, University of Rajshahi Central Library, University of Rajshahi Reading Room 18/09/2018   658 PFA 1965 18/09/2018 C-1 Books    
  Dewey Decimal Classification     Non-fiction Central Library, University of Rajshahi Central Library, University of Rajshahi   12/09/1969   658 PFA 1965 29/04/2019 C-2 Books Mirza book Agency 49.75
  Dewey Decimal Classification     Non-fiction Central Library, University of Rajshahi Central Library, University of Rajshahi   09/12/2021   658 PFA 1965 29/04/2019 C-3 Books zeitlinger 49.75
  Dewey Decimal Classification     Non-fiction Central Library, University of Rajshahi Central Library, University of Rajshahi   12/09/1969   658 PFA 1965 29/04/2019 C-4 Books Mirza book Agency 49.75
  Dewey Decimal Classification     Non-fiction Central Library, University of Rajshahi Central Library, University of Rajshahi   12/09/1969   658 PFA 1965 29/04/2019 C-5 Books Mirza book Agency 49.75
  Dewey Decimal Classification     Non-fiction Central Library, University of Rajshahi Central Library, University of Rajshahi   09/09/1969   658 PFA 1965 29/04/2019 C-6 Books zeitlinger 89.00
  Dewey Decimal Classification     Non-fiction Central Library, University of Rajshahi Central Library, University of Rajshahi   12/09/1969   658 PFA 1965 29/04/2019 C-7 Books Mirza book Agency 49.75
  Dewey Decimal Classification     Non-fiction Central Library, University of Rajshahi Central Library, University of Rajshahi   12/09/1969   658 PFA 1965 29/04/2019 C-8 Books Mirza book Agency 49.75